000 00890nam a2200205 a 4500
001 57841
005 20180714054207.0
008 140415s2004 ag 000 0 spa d
020 _a9879164970
041 _aspa
082 _a174
_bKLI
100 1 _aKLIKSBERG, BERNARDO
245 1 0 _aMAS ETICA, MAS DESARROLLO
250 _a1a ed.
260 _aARGENTINA :
_bTEMAS GRUPO EDITORIAL SRL,
_c2004
300 _a457
_c15.5 x 1.3 x 22.5
490 _aPAIDOS EMPRESA
520 _aESTA OBRA TIENE COMO FINALIDAD APORTAR ELEMENTOS QUE PERMITAN ENRIQUECER EL GRAN DEBATE SOBRE LA ETICA QUE COMIENZA A PERFILARSE EN EL CONTIENENTE. EN ELLA EL AUTOR INTEGRA VARIOS TRABAJOS QUE HA PREPARADO, LOS CUALES ABORDAN LAS RELACIONES ENTRE ÉTICA Y ECONOMIA DESDE DISTINTOS ANGULOS
650 1 4 _aECONOMIA
_xDESARROLLO
_xPOBREZA
_xLATINOAMERICA
_xLATINOAMERICA
_xCONDICIONES SOCIALES
_x1982
999 _c57841
_d57841